Речи по погромным делам. [Вып. 1] (Запись № 12763788)

Подробности
000 -МАРКЕР
контрольное поле 01494nam2a2200265 4500
001 - ИДЕНТИФИКАТОР ЗАПИСИ
контрольное поле RU\NLR\BIBL_A\022106602
005 - ИДЕНТИФИКАТОР ВЕРСИИ
контрольное поле 20260406051058.0
035 ## - ДРУГИЕ СИСТЕМНЫЕ НОМЕРА
Идентификатор записи (NLR Aleph) 022106602
100 ## - ДАННЫЕ ОБЩЕЙ ОБРАБОТКИ
Данные общей обработки 20071224d1908 |||y0rusy50 ca
101 0# - ЯЗЫК РЕСУРСА
Язык текста, звукозаписи и т.д. русский
102 ## - СТРАНА ПУБЛИКАЦИИ ИЛИ ПРОИЗВОДСТВА
Страна публикации Российская Федерация
105 ## - ПОЛЕ КОДИРОВАННЫХ ДАННЫХ: ТЕКСТОВЫЕ МАТЕРИАЛЫ, МОНОГРАФИЧЕСКИЕ
Кодированные данные о монографическом текстовом документе y z 000hy
200 0# - ЗАГЛАВИЕ И СВЕДЕНИЯ ОБ ОТВЕТСТВЕННОСТИ
Основное заглавие [Вып. 1]
Первые сведения об ответственности с предисловием проф. И. В. Лучицкого
210 ## - ПУБЛИКАЦИЯ, РАСПРОСТРАНЕНИЕ И ДР.
Дата издания, распространения и т.д. 1908
Место издания, распространения и т.д. Б. м.
215 ## - ФИЗИЧЕСКАЯ ХАРАКТЕРИСТИКА
Специфическое обозначение материала и объем [4], VI, 150 с.
225 1# - СЕРИЯ
Основное заглавие серии К истории еврейских погромов и погромных процессов в России
327 0# - ПРИМЕЧАНИЯ О СОДЕРЖАНИИ
Текст примечания На тит. с. содерж.: речи и заявления прис. пов. П. А. Андреевского, М. В. Беренштама, М. М. Винавера, О. О. Грузенберга, А. С. Зарудного, С. Е. Кальмановича, Н. П. Каравчевского, М. А. Кроля, Л. А. Куперника, А. Д. Марголина [и др.]
461 #0 - УРОВЕНЬ НАБОРА
Встроенное поле 001v19\rc\1840538
-- 2001#$aРечи по погромным делам$v[Вып. 1]
Системный номер (АБИС) связанной записи 5871812
Место публикации Киев
Дата публикации 1908
Имя издателя, распространителя и т.д. Типография С. Г. Слюсаревского
Заглавие Речи по погромным делам
Номер тома [Вып. 1]
702 #1 - ИМЯ ЛИЦА - ВТОРИЧНАЯ ОТВЕТСТВЕННОСТЬ
Код отношения Автор введения, предисловия, примечания и т.п.
Графика поля Кириллица
Материалы, к которым относится поле rus
Начальный элемент ввода Лучицкий
Часть имени, кроме начального элемента ввода И. В.
Даты 1845-1918
Расширение инициалов личного имени Иван Васильевич
Системный номер авторитетной/нормативной записи 116391
Идентификатор авторитетной/нормативной записи RU\NLR\AUTH\776437
852 ## - МЕСТОНАХОЖДЕНИЕ И ШИФР ХРАНЕНИЯ
Идентификатор организации NLR
Шифр хранения (Call Number) 37.2.5.25(1)
852 ## - МЕСТОНАХОЖДЕНИЕ И ШИФР ХРАНЕНИЯ
Идентификатор организации NLR
Шифр хранения (Call Number) 37.69.7.32(1)
942 ## - ДОПОЛНИТЕЛЬНЫЕ ЭЛЕМЕНТЫ ЗАПИСИ (АБИС)
Тип экземпляра АБИС Книга
980 ## - КОЛЛЕКЦИЯ
Название коллекции Национальная библиография
Экземпляры
Тип экземпляра Дата поступления Библиотека постоянного хранения Библиотека текущего хранения Место хранения Шифр хранения Штрих-код Статус экземпляра
Книга 12.01.2024 РНБ (Садовая) РНБ (Садовая) Русский книжный фонд -Главное здание, Ленинский читальный зал 37.2.5.25(1) 22106602-10  
Книга 12.01.2024 РНБ (Садовая) РНБ (Садовая) Русский книжный фонд -Главное здание, Ленинский читальный зал 37.69.7.32(1) 1-4667332